Normal view
MARC view
- الادارة-الادارة العامة
Entry Topical Term
001 - CONTROL NUMBER
- control field: 16465
003 - CONTROL NUMBER IDENTIFIER
- control field: JO-AjAnu
005 - DATE AND TIME OF LATEST TRANSACTION
- control field: 20230606072927.0
008 - FIXED-LENGTH DATA ELEMENTS
- fixed length control field: 230606|| aca||aabn | a|a d
040 ## - CATALOGING SOURCE
- Original cataloging agency: JO-AjAnu
- Transcribing agency: JO-AjAnu
150 ## - HEADING--TOPICAL TERM
- Topical term or geographic name entry element: الادارة-الادارة العامة
670 ## - SOURCE DATA FOUND
- Source citation: Work cat.: (JO-AjAnu)8456: الشامي،لبنان هاتف/غازي ربابعة/خالد يوسف الزعبي, author 16464, اسس الادارة الدولية: مدخل استراتيجي لوظائفها الادارية